000 02589cam a2200301 i 4500
003 OSt
005 20250417063740.0
008 250416s2017 ku f l f000 0 ara c
024 0 _a00000001022492
040 _aSA-JeALM
_bara
_cSA-RiAUC
_erda
043 _aa-ku---
050 4 _bK89 2017
082 0 4 _a328.3209538
_qSA-RiAUC
090 _a328.3209538
_b ك و ي
110 1 _aالكويت.
_bمجلس الأمة
_eمؤلف.
245 1 2 _aاللائحة الداخلية /
_cمجلس الأمة.
264 1 _aالكويت :
_bمجلس الأمة،
300 _a70 صفحة ؛
_c23 × 15 سم
336 _aنص
_btxt
_2rdacontent
_3كتاب
337 _aبدون وسيط
_bn
_2rdamedia
338 _aمجلد
_bnc
_2rdacarrier
505 0 _aيتناول الكتاب اللائحة الداخلية لمجلس الأمة بدولة الكويت ومن أهم بنود هذه اللائحة : تنظيم المجلس، تأليف المجلس وأحكام العضوية، يتألف مجلس الأمة من خمسين عضوا ينتخبون بطريق الانتخاب العام السري المباشر وفقا لقانون الانتخاب ويعتبر الوزراء غير المنتخبين بمجلس الأمة أعضاء في هذا المجلس بحكم وظائفهم ولا يزيد عدد الوزراء جميعا على ثلث عدد أعضاء مجلس الأمة، يشترط في عضو مجلس الأمة أن يكون كويتي الجنسية بصفة أصلية وفقا للقانون، أن تتوافر فيه شروط الناخب وفقا لقانون الانتخاب، ألا تقل سنه يوم الانتخاب عن ثلاثين سنة ميلادية، أن يجيد قراءة اللغة العربية وكتابتها، مدة مجلس الأمة أربع سنوات ميلادية من تاريخ أول اجتماع له ويجري التجديد خلال الستين يوما السابقة على نهاية تلك المدة مع مراعاة حكم المادة 107 من الدستور، وتثبت صفة النيابة للعضو من وقت إعلان انتخابه حتى نهاية مدة المجلس ما لم تزل عنه تلك الصفة قبل ذلك لأي سبب قانوني.
610 1 7 _aالكويت.
_bمجلس الأمة
_vقوانين داخلية
_2aucnm
650 7 _aالهيئات التشريعية
_zالكويت
_vلوائح
_2aucsh
942 _2ddc
_cBOOK
_n0
949 _aSA-JeALM
_d250416
_umohamedma123
_n1
999 _c7106
_d7106